Porovnanie relačných DB systémov MS SQL 2005, ORACLE 10g, Sybase ASE 12 = Comparison of relational DB management systems MS SQL 2005, ORACLE 10g, SYBASE ASE 15 : Diplomová práca
Saved in:
| Main Author: | |
|---|---|
| Other Authors: | |
| Format: | Manuscript Book |
| Language: | Slovak |
| Published: |
Trnava :
STU v Bratislave MTF UIAM,
2008
|
| Subjects: | |
| Tags: |
No Tags, Be the first to tag this record!
|
MARC
| LEADER | 00000ntm a22000003a 4500 | ||
|---|---|---|---|
| 001 | stu158904 | ||
| 005 | 20160719155808.1 | ||
| 008 | 080229s2008----xo------------------slo-d | ||
| 040 | |a STU |b slo | ||
| 041 | 0 | |a slo | |
| 044 | |a xo | ||
| 100 | 1 | |a Barlík, Jozef |4 aut | |
| 245 | 1 | |a Porovnanie relačných DB systémov MS SQL 2005, ORACLE 10g, Sybase ASE 12 = Comparison of relational DB management systems MS SQL 2005, ORACLE 10g, SYBASE ASE 15 : |b Diplomová práca | |
| 260 | |a Trnava : |b STU v Bratislave MTF UIAM, |c 2008 | ||
| 300 | |a 108 s |c príl (1 CD-ROM) | ||
| 500 | |a Program: Automatizácia a informatizácia procesov | ||
| 650 | 7 | |a relačný databázový systém |2 stusub | |
| 700 | 1 | |a Važan, Pavel, |d 1962- |4 xxx |u M6000 |U MTF Materiálovotechnologická fakulta |T MTF Ústav aplikovanej informatiky, automatizácie a matematiky |X 323 |U M6000 |Y 86 |7 A000000323 | |
| 700 | 1 | |a Juhás, Martin, |d 1976- |4 csl |u M6000 |U MTF Materiálovotechnologická fakulta |T MTF Ústav aplikovanej informatiky, automatizácie a matematiky |X 2855 |U M6000 |Y 86 |7 A000002855 | |
| 996 | |b 284M067415 |c M*DP-7116 |l MMSKP |s P |a 0 |w stu158904_0001 | ||